Datum a čas kvízu
23
Celkem bodů
Celkový počet nahraných bodů na tomto kvízu bez doplňovacích otázek.
14.
Pořadí na kvízu
Konečné umístění týmu na tomto kvízu.
Zaznamenané odpovědi
| # | Otázka | Odpověď | Body | Výsledky |
|---|---|---|---|---|
| 1. | Pražská zoo učinila další krok... | sysel | 1 | |
| 2. | Ambiciózní projekt v podobě bu... | Indonésie | 0 | |
| 3. | 42letá americká zpěvačka vydal... | Britney Spears | 0 | |
| 4. | Ve středu byl otevřen poslední... | A) Škoda 100 | 0 | |
| 5. | Hokejista David Pastrňák se ož... | Hvar | 1 | |
| 6. | Tato plodina je známá též jako... | maniok | 1 | |
| 7. | Vyhlášenou chuťovkou v Ekvádor... | morče | 1 | |
| 8. | Payara, Tucunare nebo Arapaima... | C | 1 | |
| 9. | Chicha je (obvykle) alkoholick... | fialová | 0 | |
| 10. | San Juan, La Rioja, Catamarca... | Argentina | 0 |